|
|
|
|
| LEADER |
00000nab a2200000 a 4500 |
| 001 |
vtls000698950 |
| 003 |
SK-MaSNL |
| 005 |
20260303101519.0 |
| 008 |
180206c1999 xo 0 slo |
| 015 |
|
|
|a SNBRB1999/09-18804
|
| 035 |
|
|
|a CLN000051117
|
| 040 |
|
|
|a SNKBUCL
|b slo
|c SNKBUCL
|e AACR2
|
| 041 |
0 |
|
|a slo
|
| 044 |
|
|
|a xo
|c SK
|
| 080 |
|
|
|a 26/28
|2 UDC-MRF-SK2
|
| 080 |
|
|
|a 27
|2 UDC-MRF-SK2
|
| 100 |
1 |
|
|a Benedikt
|b XVI.,
|c pápež,
|d 1927-2022
|4 aut
|9 100181
|
| 245 |
1 |
0 |
|a Hnutia v Cirkvi a ich teologické miesto
|n III.
|c Joseph Ratzinger ; Jozef Koltner
|
| 610 |
|
7 |
|a Rímskokatolícka cirkev
|x hnutia kresťanské
|2 snkbucl
|9 1113329
|
| 650 |
0 |
7 |
|a kresťanské hnutia
|2 snkbucl
|9 83532
|
| 655 |
|
7 |
|a články z novín a časopisov
|2 snkbucl
|9 267496
|
| 700 |
1 |
|
|a Koltner, Jozef
|4 trl
|9 1113330
|
| 773 |
0 |
|
|t Viera a život
|g Roč. 9, č. 3 (1999), s. 242-245
|
| 850 |
|
|
|a Slovenská národná knižnica v Martine
|
| 852 |
|
|
|a SNK
|b KIS3GCP
|
| 958 |
|
|
|a RBX
|
| 999 |
|
|
|c 1838921
|d 1840851
|